| 000 | 00500nam a22001697a 4500 | ||
|---|---|---|---|
| 005 | 20251017145304.0 | ||
| 008 | t2025 ||||||||||||||||||||||||d | ||
| 040 |
_aGR-AtMCL _bgre _dGR-AtMCL _eAACR2 |
||
| 245 | 1 |
_aThe Mind's Eye: How emotional stimuli shape working memory and face recognition in depression _cEvangelos Tzai |
|
| 260 | _c2025 | ||
| 300 | _a71 σ. | ||
| 526 | 0 | _aBSc (HONS) Applied Psychology | |
| 650 | 0 |
_aPsychology _910056 |
|
| 942 | _cDS | ||
| 999 |
_c9946 _d9946 |
||